Obra y Apuntes: documentos personales 1 (Record no. 7754)
[ view plain ]
| 000 -LEADER | |
|---|---|
| campo de control de longitud fija | 00430nam a2200145Ia 4500 |
| 001 - NÚMERO DE CONTROL | |
| campo de control | 1676 |
| 008 - DATOS DE LONGITUD FIJA--INFORMACIÓN GENERAL | |
| campo de control de longitud fija | 241024s9999 xx 000 0 und d |
| 020 ## - NÚMERO INTERNACIONAL ESTÁNDAR DEL LIBRO | |
| Número Internacional Estándar del Libro | 978-9945-427-34-9/978-9945-427-35-6 |
| 082 ## - NÚMERO DE LA CLASIFICACIÓN DECIMAL DEWEY | |
| Número de clasificación | RD/864.42/H519obr/1 |
| 100 ## - ENTRADA PRINCIPAL--NOMBRE DE PERSONA | |
| Nombre de persona | Max (1885-1968) Henriquez Ureña |
| 245 #0 - MENCIÓN DEL TÍTULO | |
| Título | Obra y Apuntes: documentos personales 1 |
| 260 ## - PUBLICACIÓN, DISTRIBUCIÓN, ETC. | |
| Nombre del editor, distribuidor, etc. | Secretaría de Estado de Cultura |
| Fecha de publicación, distribución, etc. | 2008 |
| 901 ## - ELEMENTOS DE DATOS A LOCAL LDA (RLIN) | |
| a | 11/7/2011 4:14:41 p.m. |
No items available.